| 000 | 00806nam a2200229 a 4500 | ||
|---|---|---|---|
| 005 | 20140412111246.0 | ||
| 008 | 001115s19uu xx 00 eng d | ||
| 020 | _a0-85692-718-9 | ||
| 050 |
_aTR(PS E _bBi47 1983 |
||
| 100 | _aMcNutty, Sally | ||
| 245 |
_aBicycle safety / _cwritten by Sally McNutty ; illustrated by Mike Higgs. |
||
| 260 |
_aWindermere, Florida : _bThe Rourke Copr, _c1983. |
||
| 300 | _a1 v. (unp.); col.; ill. | ||
| 440 | _aLearn with moonbird | ||
| 520 | _aMoonbird tells the members of the Gibbon family some basic points of bicycle safety. | ||
| 650 | _aBicycles and bicycling -- safety measures -- Fiction | ||
| 650 | _aSafety -- Fiction | ||
| 650 | _aGibbons -- Fiction | ||
| 650 | _aBirds -- Fiction | ||
| 650 | _aExtraterrestrial being -- Fiction | ||
| 999 |
_c102953 _d102953 |
||